| 000 | 003460000a22000970004500 | ||
|---|---|---|---|
| 100 | 1 | _aRedacción Cambio 16 | |
| 245 | 1 | 0 | _aLas FARC no son como se pintan : El Ejército registra que este año las FARC han asesinado 57 civiles y han secuestrado 44 personas |
| 300 | _aVol. 96, Num. 96 (Abril, 1995), Página 18 | ||
| 773 | 0 | _tCambio 16 | |
| 942 | _cANA | ||
| 999 |
_c58658 _d58658 |
||